Guess the 1960s song lyrics #175 - Statistics

General Stats
  • This quiz has been taken 24 times
  • The average score is 244 of 331
Answer Stats
Answer % Correct
a
95%
be
95%
I
95%
hear
90%
It
90%
it
90%
the
90%
you
90%
You
90%
your
90%
And
86%
and
86%
knew
86%
me
86%
my
86%
that
86%
That
86%
would
86%
go
81%
know
81%
mine
81%
much
81%
Not
81%
not
81%
to
81%
you're
81%
But
76%
Do
76%
grapevine
76%
heard
76%
Heard
76%
longer
76%
love
76%
Oh
76%
some
76%
through
76%
can't
71%
could
71%
For
71%
how
71%
I'm
71%
make
71%
mean
71%
other
71%
see
71%
found
67%
guy
67%
If
67%
let
67%
lose
67%
mind
67%
of
67%
When
67%
yeah
67%
Yeah
67%
About
62%
about
62%
baby
62%
before
62%
bet
62%
by
62%
Cause
62%
have
62%
just
62%
man
62%
out
62%
told
62%
what
62%
With
62%
Don't
57%
Honey
57%
honey
57%
it's
57%
us
57%
wondering
57%
ain't
52%
cry
52%
loved
52%
Marvin Gaye
52%
more
52%
plan
52%
say
52%
surprise
52%
tell
52%
took
52%
two
52%
blue
48%
else
48%
life
48%
Ooh
48%
someone
48%
supposed
48%
true
48%
help
43%
hold
43%
must
43%
plans
43%
please
43%
Said
43%
these
43%
being
38%
believe
38%
Between
38%
end
38%
Instead
38%
letting
38%
Losing
38%
tears
38%
yourself
38%
guys
33%
half
33%
inside
33%
none
33%
People
33%
yesterday
29%
confused
24%
dear
24%
Son
19%
No matching quizzes found
Score Distribution
Percent of People with Each Score
Percentile by Number Answered
Your Score History
You have not taken this quiz